පරිසර අධ්යයන සිසු පොත 7 (1 වාරය) : පාසල් පරිසර අධ්යාපන වැඩ සටහන.
Parisara adyana sisu potha
Saved in:
| Format: | Book |
|---|---|
| Published: |
රත්නපුර :
සබරගමු පළාත් අධ්යාපන දෙපාර්තමේන්තුව,
1993.
|
| Tags: |
Add Tag
No Tags, Be the first to tag this record!
|
MARC
| LEADER | 00000nam a22000007a 4500 | ||
|---|---|---|---|
| 003 | LK-CoNLD | ||
| 005 | 20260330121739.0 | ||
| 008 | 260330b |||||||| |||| 00| 0 ||| d | ||
| 015 | |2 slnb | ||
| 017 | |a 248055 |b LK-CoDNA | ||
| 040 | |a LK-CoNLD |b SIN |c LK-CoNLD |d LK-CoNLD | ||
| 082 | |2 23 |q LK-CoNLD | ||
| 245 | |6 880-1 |a පරිසර අධ්යයන සිසු පොත 7 (1 වාරය) : |b පාසල් පරිසර අධ්යාපන වැඩ සටහන. | ||
| 260 | |a රත්නපුර : |b සබරගමු පළාත් අධ්යාපන දෙපාර්තමේන්තුව, |c 1993. | ||
| 300 | |a පි. 167 ; |c සෙමි. 21. |b කබැ-බෝක : රු.308.95 | ||
| 500 | |a මිල තීරණය කිරීමේ මාර්ගෝපදේශයට අනුව සකසන ලද මිල රු.308.95 වේ. | ||
| 880 | |6 245-1 |a Parisara adyana sisu potha | ||
| 942 | |c BOOK | ||
| 999 | |c 298577 |d 298577 | ||
| 945 | |a 21990 |b Sachini DHANANJANI |c 21990 |d Sachini DHANANJANI | ||